• 首页
  • 本馆介绍
  • 公告通知
  • 最新文献
  • 馆藏检索
  • 电子资源
  • 读者导购
  • 参考咨询
  • 我的图书馆
  • 登录
  • 期刊详细显示
  • 现刊情况显示
  • 合订本情况显示
  • 篇目信息显示

期刊信息

  • 表格格式
  • 工作单格式
  • 卡片格式
索取号 
C5/DLSH
题名 
大理师专学报
作者 
大理师专学报编辑部
分册号 
分册名 
出版地 
大理(云南)
出版者 
该刊编辑部
标准刊号 
出版频率 
季刊
中图法分类 
G65 C
主题词 
社会科学 丛书; 社会科学 文集; 社会科学 连续出版物
电子资源 
000 01316nas002200373 45
001 1196061561
005 20070408164804.85
011    @dCNY3.00(1997)
021    @aCN@b云195
100    @a19930616a19859999m y0chiy0121 eb
101 0  @achi
102    @aCN@b530000
110    @aajaz 0yu0
200 1  @a大理师专学报@ADA LI SHI ZHUAN XUE BAO@f大理师专学报编辑部@FDa Li Shi Zhuan Xue Bao Bian Ji Bu@i社会科学版@IZHE XUE SHE HUI KE XUE BAN
207  0 @a1985,no.1(1985,6)~=总11~
210    @a大理(云南)@c该刊编辑部@d1985~
215    @d26cm
326    @a季刊
327 0  @a政治哲学@a古典文学@a外国文学@a现代文学@a教育学
430  1 @12001 @a下关师专学报@i社会科学版
517 1  @a社会科学版@AShe Hui Ke Xue Ban
540 1  @a大理 师专 学报 哲学 社会科学@ADA LI SHI ZHUAN XUE BAO ZHE XUE SHE HUI KE XUE
541 1  @aJournal of Xiaguan Teachers Training School@iSocial sciences edition@zeng
606 0  @a社会科学@x丛书
606 0  @a社会科学@x文集
606 0  @a社会科学@x连续出版物
676    @a300@v19
690    @aG65 C@v3
690    @aC5@v4
701  0 @a郑松茂@AZHENG SONG MAO@4主编
711 02 @a大理师范专科学校@ADA LI SHI FAN ZHUAN KE XUE XIAO@4主办
711 02 @a大理师专学报编辑部@ADa Li Shi Zhuan Xue Bao Bian Ji Bu
801  0 @aCN@bPFT@c20070408
905    @a1@cQ@dC5@eDLSH
    
    大理师专学报/大理师专学报编辑部.社会科学版.-1985,no.1(1985,6)~=总11~.-大理(云南):该刊编辑部,1985~
    26cm
    继承:
    部分内容:政治哲学;古典文学;外国文学;现代文学;教育学
    CNY3.00(1997)
    
●
相关链接: 在易读查询期刊 在中国知网中查询期刊 在万方数据查询期刊 在维普查询期刊
唐山师范学院图书馆 欢迎您!
大连网信软件有限公司© 版权所有